Normal view
MARC view
Entry Uniform Title
001 - CONTROL NUMBER
- control field: 33331
003 - CONTROL NUMBER IDENTIFIER
- control field: dpl
005 - DATE AND TIME OF LATEST TRANSACTION
- control field: 20110823122643.0
008 - FIXED-LENGTH DATA ELEMENTS
- fixed length control field: 110823|||a|||||| | ||| d
040 ## - CATALOGING SOURCE
- Original cataloging agency: dpl
- Transcribing agency: dpl
130 ## - HEADING--UNIFORM TITLE
- Uniform title: 20वीं सदी का महान साहित्यकार
670 ## - SOURCE DATA FOUND
- Source citation: Work cat.: (dpl)34259: टैगोर, रवीन्द्रनाथ 33330, 41 अनमोल कहानियाँ /, 2009
670 ## - SOURCE DATA FOUND
- Source citation: Work cat.: (dpl)34259: टैगोर, रवीन्द्रनाथ 33330, 41 अनमोल कहानियाँ /, 2009
